01436nam a2200313 i 4500001001000000003000900010005001700019007000300036008004100039040003000080041000800110082002500118100004300143245007800186264007200264300004500336336002800381337003400409338002900443500007000472500001800542650003100560700005700591942001400648952013400662952018400796952012500980999001701105000013335DO-SdBNP20250626145313.0ta091123s1977 dr a 000 0 spa d aDO-SdBNPbspacBNPHUerda arda 4aRD860. 44bP259a2221 aParra, José Luiseautor9305314aut.10aArtículos a dos dedos /cJosé Luis Parra ; prólogo, Antonio Zaglul. aSanto Domingo, República Dominicana :bEditora Del Caribe,c1977. a156 páginas :bilustraciones ;c23 cm. atextobtxt2rdacontent  asin mediaciónbn2rdamedia  avolumenbnc2rdacarrier  aIncluye datos biográficos del autor en la solapa de la cubierta aIncluye notas 0aLiteratura dominicana.9671 aZaglul, Antonio,d1920-1996eprologuista9696574pr. 2ddccLBS1 001054708DSaGRbGRcHDd2013-05-01iLF1l0oRD860. 44 P259ap13335-30r2020-06-25te. 3w2020-06-25yLFDSZPréstamo en sala 0010718PDaPDbPDcHDd2009-11-23iLF1l0oRD860. 44 P259ap13335-10r2020-06-25w2020-06-25yLFPDzPerteneció a la biblioteca personal de Germán Emilio Ornes.ZNo se presta 0010718PDaPDbPDcHDd2011-07-01iLF1l0oRD860. 44 P259ap13335-20r2020-06-25te. 2w2020-06-25yLFPDZNo se presta c12963d12963